000 01177nam0a2200313 4500
001 RU\NLR\BIBL_A\022151689
005 20240401111240.0
010 _a978-5-00218-980-9
_9100
021 _aRU
_bКН-П-24-003538
_9КН-П-24-0364
035 _a(NLR Aleph) 022151689
090 _a12894595
_c12894595
100 _a20240228d2024 u y0rusy50 ca
101 0 _arus
102 _aRU
105 _ay w 000yy
181 0 _ai
_baxxe
182 0 _an
200 1 _aСквозь тернии ума к звездам сердца, или Практическое христианство. Продолжение
_fБронич Б. А.
203 _aТекст
_bвизуальный
_cнепосредственный
210 _aМосква
_cПеро
_d2024 (печ. 2023)
215 _a367 с.
_d22
517 1 _aПрактическое христианство
606 1 _aХристианство
_xОригинальные теории
_2nlr_sh1
_2nlr_sh2
_3RU\NLR\AUTH\661457761
686 1 _aЭ37я9
700 1 _aБронич
_bБ. А.
942 _cBOOK
980 _aNB